000 00294nam a22001337a 4500
020 _a978-93-91432-74-4
082 _a823
_bSAH/T
100 _aSAHNI
245 _aSTORY BOOK OF TENALI RAMAN
260 _aAGRA
_bSAHNI SONS
300 _a16
650 _aCHILDRENS STORY BOOK
_zINDIA
942 _cBK
999 _c7056
_d7056